| Tag |
First Indicator |
Second Indicator |
Subfields |
| LEADER |
00000cam a2200000 4500 |
| 001 |
in00000038722 |
| 005 |
20151007081236.0 |
| 008 |
720209s1963 eng u |
| 010 |
|
|
|a 63012333
|
| 035 |
|
|
|a (OCoLC)00237318
|
| 035 |
|
|
|9 AAF6088AM
|
| 040 |
|
|
|c YNG
|d TXA
|d UtOrBLW
|
| 049 |
|
|
|a TXAM
|c [361916]
|
| 090 |
|
|
|a JF1001
|b .A4 1963
|
| 092 |
|
|
|a 324
|b A389p
|
| 100 |
1 |
|
|a Alford, Robert R.
|
| 245 |
1 |
0 |
|a Party and society ;
|b the Anglo-American democracies.
|
| 264 |
|
1 |
|a Chicago :
|b Rand McNally,
|c [1963]
|
| 300 |
|
|
|a xxiii, 396 pages :
|b diagrams
|
| 336 |
|
|
|a text
|b txt
|2 rdacontent
|
| 337 |
|
|
|a unmediated
|b n
|2 rdamedia
|
| 338 |
|
|
|a volume
|b nc
|2 rdacarrier
|
| 490 |
1 |
|
|a Rand McNally sociology series
|
| 500 |
|
|
|a "A publication from the research program of the Survey Research Center, University of California, Berkeley, California."
|
| 500 |
|
|
|a A revised version of a dissertation submitted to the University of California, under title: Class voting in four Anglo-American countries.
|
| 650 |
|
0 |
|a Voting.
|
| 740 |
0 |
2 |
|a Anglo-American democracies.
|
| 830 |
|
0 |
|a Rand McNally sociology series.
|
| 999 |
|
|
|a MARS
|
| 999 |
f |
f |
|s 87dda3f9-256b-36bb-a48a-c87718634f2a
|i c61f7be2-dcfd-314d-8b61-19e6ae71d512
|t 0
|
| 952 |
f |
f |
|p ric
|a Texas A&M University
|b Rellis Campus
|c Joint Library Facility
|d Remote Storage
|t 0
|e JF1001 .A4 1963
|h Library of Congress classification
|i unmediated -- volume
|m A14800667613
|
| 998 |
f |
f |
|a JF1001 .A4 1963
|t 0
|l Remote Storage
|